banner-ar

THE SOCIOLOGY OF CULTURE: EMERGING THEORETICAL PERSPECTIVE / (Record no. 24997)

MARC details
000 -الفاتح
حقل البيانات ثابتة الطول 00415nam a2200157Ia 4500
008 - عناصر البيانات ثابتة الطول - معلومات عامة
حقل البيانات ثابتة الطول 140319s9999 xx 000 0 eng d
040 ## - مصدر الفهرسة
وكالة الفهرسة الأصلية GCL /
وكالة النسخ GCL
082 04 - رقم تصنيف ديوى العشرى
رقم التصنيف 306
رقم المادة C S
100 1# - المدخل الرئيسى - إسم شخصى
الإسم الشخصى CRANE, DIANA
245 10 - بيان العنوان
العنوان THE SOCIOLOGY OF CULTURE: EMERGING THEORETICAL PERSPECTIVE /
بيان المسئوليه,etc CRANE, DIANA
260 ## - PUBLICATION, DISTRIBUTION, ETC. (IMPRINT)
تاريخ النشر أو التوزيع 1994
300 ## - الوصف المادى
التعداد 340 P
650 04 - المدخل الاضافى بالموضوع-مصطلح موضوعى
مصطلح موضوعي CULTURE
942 ## - عناصر المدخل الإضافي( كوها)
مصدر التصنيف او مخطط الترفيف Dewey Decimal Classification
Koha [default] item type كتاب
260 ## - PUBLICATION, DISTRIBUTION, ETC. (IMPRINT)
-- [S.N] :
-- BLACK WELL ،
Holdings
حالة التراجع حالة الفقد حالة تلف ليس للاعارة المكان المؤقت الموقع الحالى تاريخ الاكتساب اجمالي اﻻعارات رقم الطلب الباركود تاريخ اخر مشاهدة تاريخ تفعيل السعر نوع وعاء كوها
        مكتبة القاهرة الكبرى مكتبة القاهرة الكبرى 03/26/2014   306\C S 44136 03/26/2014 03/26/2014 كتاب

Powered By

EGPV